Crónica de Nueva España /
Crónica principalmente dedicada a las acciones de conquista de Hernán Cortés.
Na minha lista:
| Autor principal: | |
|---|---|
| Outros Autores: | |
| Formato: | Livro |
| Idioma: | espanhol |
| Colecção: | (Papeles de la Nueva España ;
3) |
| Assuntos: | |
| Tags: |
Sem tags, seja o primeiro a adicionar uma tag!
|
MARC
| LEADER | 00000nam^a2200000^a^4500 | ||
|---|---|---|---|
| 001 | 000128460 | ||
| 005 | 20250526000000.0 | ||
| 009 | 20260310094837.867 | ||
| 037 | |a Acervo ITESO - Biblioteca | ||
| 041 | |a ESP | ||
| 082 | |a 972. 02 |b CER V. 1 | ||
| 100 | |a Cervantes de Salazar, Francisco |e (autor) | ||
| 245 | 1 | 0 | |a Crónica de Nueva España / |c F. Cervantes de Salazar ; comp. de F. del Paso y Troncoso. |
| 264 | |a Madrid, España : |b Museo Nacional de Arqueología, Historia y Etnografía, |c 1914 | ||
| 300 | |a LVI, 481 p. ; |c 22.5 cm. | ||
| 440 | 1 | |a (Papeles de la Nueva España ; |v 3) | |
| 520 | |a Crónica principalmente dedicada a las acciones de conquista de Hernán Cortés. | ||
| 649 | |a XX | ||
| 650 | |a México - |x Historia - |y Descubrimiento y Conquista, 1517-1521 | ||
| 650 | |a México - |x Historia - |y Gobernadores y Audiencia, 1521-1535 | ||
| 650 | |a México - |x Historia - |y Epoca Colonial, 1517-1821 | ||
| 650 | |a México - |x Historia - |x Documentos | ||
| 700 | |a Paso y Troncoso, Francisco del |e (compilación) | ||
| 910 | |a Fondo Salvador Reynoso Reynoso | ||
| 920 | |a Impresos - Libros | ||
| 930 | |a Libros Antiguos y Raros | ||
| 905 | |a 108 | ||
| 901 | |a 0800010771 |b IT2 |c LRA |u 20250526 | ||
| 902 | |a https://opac.biblio.iteso.mx/vufind/Record/000128460 | ||